| 000 | 00744cam a22002172 4500 | ||
|---|---|---|---|
| 001 | 0000008507 | ||
| 005 | 20151217152035.0 | ||
| 008 | 080418s xx 000 0 eng d | ||
| 020 |
_a1856841502 : _cKES 730 |
||
| 040 |
_aKABU _cKABU |
||
| 100 | 1 |
_aJames, John. _@0000159121 |
|
| 245 | 1 | 0 |
_aHaggai, Zechariah and Malachi : _bCrossway Bible guide / _cJohn James. |
| 260 |
_aLeicester, England : _bCrossway Books, _c1996. |
||
| 300 | _a166 p. | ||
| 650 | 0 |
_aBible.O. T. Haggai _xStudy and teaching. _@0000159122 |
|
| 650 | 0 |
_aBible. O. T. Zechariah _xStudy and teaching. _@0000159123 |
|
| 650 | 0 |
_aBible. O. T. Malachi _xStudy and teaching. _@0000159124 |
|
| 908 | _a080418 | ||
| 950 | _@1 | ||
| 999 |
_c7611 _d7611 |
||